[Event "UKR-ch Semifinal 2018"]
[Site "Omelnyk"]
[Date "2018.11.01"]
[Round "7"]
[White "Kovchan, Alexander"]
[Black "Bernadskiy, Vitaliy"]
[Result "1/2-1/2"]
[WhiteElo "2579"]
[BlackElo "2544"]
[Annotator "TA"]
[PlyCount "40"]
[EventDate "2018.11.26"]
[EventType "tourn"]
[EventCountry "UKR"]
[SourceTitle "playchess.com"]
[Source "ChessBase"]
[SourceQuality "1"]

{[%evp 18,19,0,2]} 1. e4 e5 2. Nf3 Nc6 3. Nc3 Nf6 4. d4 exd4 5. Nxd4 Bb4 6. Nxc6 bxc6 7. Bd3 O-O 8. O-O d5 9. exd5 cxd5 10. Bg5 {Predecessor:} c6 $146 11. Na4 h6 12. Bh4 Be6 13. c3 Bd6 14. Bc2 Re8 15. Qd3 g5 16. Bg3 Bxg3 17. hxg3 Qd6 18. Qd4 Bg4 19. Rfe1 Be2 20. Nc5 Re7 {1-0 (59) Nakamura,H (2777)-So,W (2780) Saint Louis 2018} 1/2-1/2

[Event "UKR-ch Semifinal 2018"]
[Site "Omelnyk"]
[Date "2018.11.01"]
[Round "7"]
[White "Gasanov, Eldar"]
[Black "Polivanov, Anatoliy"]
[Result "0-1"]
[WhiteElo "2502"]
[BlackElo "2385"]
[Annotator "TA"]
[PlyCount "122"]
[EventDate "2018.11.26"]
[EventType "tourn"]
[EventCountry "UKR"]
[SourceTitle "playchess.com"]
[Source "ChessBase"]
[SourceQuality "1"]

{[%evp 16,122,41,38,35,41,35,14,11,9,65,32,59,62,57,58,91,45,51,47,53,8,50,49,89,45,29,4,64,56,152,69,108,108,191,0,0,0,0,0,0,0,0,0,0,0,0,0,0,0,0,0,14,-14,0,0,0,-56,-50,-48,0,0,0,0,0,-104,-112,-350,-350,-339,-342,-328,-329,-501,-500,-723,-695,-820,-620,-557,-608,-585,-576,-491,-470,-1121,-1154,-7046,-2379,-3391,-2280,-584,-9519,-9512,-9512,-10777,-8232,-4134,-2464,-9927,-9237,-7945,-7160,-5651,-6545,-5133,-4582,-29972,-29968]} 1. d4 e6 2. c4 f5 3. g3 Nf6 4. Bg2 Be7 5. Nf3 O-O 6. O-O Ne4 7. b3 {A92: Classical Dutch: Classical Stonewall (with ...Be7): Early deviations} (7. Nc3 Nxc3 8. bxc3 Nc6 9. Qc2 Na5 10. Nd2 f4 11. c5 fxg3 12. hxg3 d6 13. Qa4 Nc6 14. cxd6 cxd6 15. Rb1 {1-0 (28) Krysa,L (2503)-Alonso Rosell,A (2526) Barcelona 2018}) 7... a5 8. Bb2 d6 9. Nfd2 {LiveBook: 4 Games. White is slightly better.} d5 10. Nxe4 $146 ({Predecessor:} 10. f3 Nxd2 11. Qxd2 c5 12. cxd5 exd5 13. dxc5 Bxc5+ 14. Kh1 Nc6 15. Nc3 d4 16. Nb5 {0-1 (27) McCullough,S (2070)-Rogers,J (2328) England 2013}) 10... dxe4 11. f3 exf3 12. Bxf3 Bf6 (12... a4 $11) 13. e3 c5 14. Na3 Nc6 {[%cal Rc5d4]} 15. Nb5 Rf7 16. Rf2 Rd7 {[%cal Rc5d4]} 17. Rd2 Bg5 18. Qe1 Ne5 19. Bg2 Ra6 20. h3 cxd4 21. Nxd4 h5 ({Black should try} 21... Be7 $11) 22. Rad1 $14 Bf6 ({Better is} 22... h4 $14) 23. c5 (23. Nb5 $1 $16 Nd3 24. Bxf6 gxf6 25. Qf1) 23... Qe8 24. e4 Qg6 (24... a4 $16) 25. Re2 $2 (25. Nb5 $18 {Hoping for exf5.} Rxd2 26. Rxd2) 25... f4 $1 $11 26. gxf4 Rxd4 $1 27. fxe5 Bh4 28. Qf1 Rxd1 29. Qxd1 Rc6 30. Bd4 Rc7 31. Bf2 Bxf2+ 32. Rxf2 {Strongly threatening Qd8+.} Qg5 33. Qd6 Rc6 34. Qf8+ Kh7 35. a3 Qc1+ 36. Kh2 (36. Bf1 $1 $11) 36... Qxc5 $15 37. Qf4 Qc1 38. Qg3 Rc3 39. Qh4 Qh6 40. Bf3 {[#]} (40. Rf8 $11 Qg6 41. Qe1) 40... Bd7 $1 $17 {[%cal Rd7e8] Threatens to win with ...Be8.} (40... Rxb3 $6 41. Bxh5 Rd3 42. Rg2 $11) 41. b4 $2 ({Don't blunder} 41. Bxh5 $2 {[#]} Be8 $1 $19 {[%mdl 512]}) (41. Qxh5 $17 {was necessary.} Rxb3 42. Ra2) 41... a4 $19 ({Weaker is} 41... Rxa3 42. bxa5 Be8 43. Qg3 $19) 42. Qxh5 Qxh5 ({Less strong is} 42... Rxa3 43. Rf1 $19) 43. Bxh5 Rxa3 {[%mdl 4096] Endgame KRB-KRB} 44. Rd2 (44. Rf8 {is a better defense.} Rb3 45. Bd1 Rxb4 46. Ra8) 44... Bb5 45. Rd6 Bc4 46. Bf7 Rb3 47. Bxe6 Bxe6 48. Rxe6 {intending Rb6.} Rxb4 {KR-KR} 49. Re8 b5 50. e6 (50. Ra8 $142 Rxe4 51. Kg3) 50... Rxe4 51. e7 b4 (51... a3 $142 52. Ra8 b4) 52. Rb8 Rxe7 53. Rxb4 Ra7 54. Rb2 a3 55. Ra2 Ra4 56. Kg3 Kg6 57. Kg2 Kf5 58. Kf3 Ke5 59. Ke2 Kf4 60. Kf2 g6 61. Kg2 Ke3 {Precision: White = 48%, Black = 54%.} 0-1

[Event "UKR-ch Semifinal 2018"]
[Site "Omelnyk"]
[Date "2018.11.01"]
[Round "7"]
[White "Pavlov, Sergey"]
[Black "Prydun, Andriy"]
[Result "1-0"]
[WhiteElo "2480"]
[BlackElo "2081"]
[Annotator "TA"]
[PlyCount "91"]
[EventDate "2018.11.26"]
[EventType "tourn"]
[EventCountry "UKR"]
[SourceTitle "playchess.com"]
[Source "ChessBase"]
[SourceQuality "1"]

{[%evp 24,91,61,29,95,88,125,159,137,99,106,102,104,89,93,77,75,52,54,45,71,33,80,76,72,72,68,66,127,116,131,123,183,172,609,609,609,609,608,608,1023,711,929,711,711,711,711,706,699,609,1069,887,1147,1146,1146,1127,1130,1110,1087,1089,1187,1045,1235,850,1635,1711,1262,1322,1616,1500]} 1. c4 c6 2. d4 d5 3. Nf3 Nf6 4. g3 e6 5. Bg2 Nbd7 6. Nc3 Be7 7. O-O O-O 8. Qd3 b6 9. Rd1 Ba6 10. b3 Rc8 11. e4 c5 {E07: Closed Catalan: Main Line (5 Nf3 0-0 6 0-0 Nbd7)} (11... dxe4 12. Nxe4 b5 13. Ned2 bxc4 14. Nxc4 c5 15. Bb2 cxd4 16. Nxd4 Ne5 17. Qe3 Nxc4 18. bxc4 Qb6 19. Rab1 Rxc4 20. Ba3 {½-½ (20) Vitiugov,N (2724)-Fedoseev,V (2658) Moscow 2017}) 12. exd5 exd5 13. Nb5 {LiveBook: 6 Games} cxd4 (13... Bxb5 $11 {remains equal.} 14. cxb5 Bd6) 14. Nfxd4 $16 Nc5 15. Qf1 $146 ({Predecessor:} 15. Qe2 Qd7 16. Bb2 Rfe8 17. Qf3 dxc4 18. Nc6 Bxb5 19. Rxd7 Bxc6 20. Rxe7 Bxf3 21. Rxe8+ Nxe8 22. Bxf3 {0-1 (70) Praszak,M (2265)-Luther,T (2525) Koszalin 1997}) 15... Bxb5 16. Nxb5 {[%cal Rc4d5]} a6 17. Nc3 {[%cal Rc3d5,Bb5c3,Bc3e2,Be2f4,Bf4d3,Bd3b4,Bb4d5][%mdl 32]} d4 18. Ne2 Ne6 19. Nf4 Bc5 20. Nd3 a5 21. a3 Be7 22. Bb2 a4 23. bxa4 Qe8 24. Nb4 Qxa4 25. Nd5 Nxd5 (25... Bd8 $14) 26. cxd5 Nc5 27. Rxd4 ({Much weaker is} 27. Bxd4 $6 Nb3 $11) 27... Qc2 (27... Qd7 $16) 28. Rb1 $36 {[%mdl 2048] Keeping Black busy.} Na4 $2 {[#]} (28... Rfd8 29. Rc4 Qd3) 29. Be4 {White is clearly winning.} Qxb2 30. Rxb2 Nxb2 31. Qb1 Nc4 32. Bxh7+ Kh8 33. Qe4 Bf6 34. Rxc4 Rxc4 35. Qxc4 Kxh7 {[%mdl 4096] Endgame KQ-KRB} 36. d6 Rd8 37. Qc7 b5 38. Qxf7 Rxd6 39. Qh5+ Kg8 40. Qxb5 Kf7 41. a4 {[%cal Ba3a4,Ba4a5,Ba5a6][%mdl 32]} Ke6 42. a5 Bd4 43. Kg2 Rd5 44. Qc6+ Rd6 45. Qe8+ Kf6 {[#]} 46. a6 $1 {Precision: White = 61%, Black = 37%.} 1-0

[Event "UKR-ch Semifinal 2018"]
[Site "Omelnyk"]
[Date "2018.11.01"]
[Round "7"]
[White "Bortnyk, Mykola"]
[Black "Grinev, Valeriy"]
[Result "1-0"]
[WhiteElo "2462"]
[BlackElo "2411"]
[Annotator "TA"]
[PlyCount "95"]
[EventDate "2018.11.26"]
[EventType "tourn"]
[EventCountry "UKR"]
[SourceTitle "playchess.com"]
[Source "ChessBase"]
[SourceQuality "1"]

{[%evp 24,95,31,27,27,19,16,23,33,33,38,22,49,58,51,18,18,18,22,18,23,16,16,4,20,20,25,10,14,8,11,10,24,0,27,7,15,0,6,8,14,0,0,-67,-52,-43,-32,-47,-63,-41,-27,-20,106,89,466,449,488,484,480,478,479,477,453,451,459,444,412,406,378,357,534,514,29997,582]} 1. d4 Nf6 2. c4 e6 3. Nf3 d5 4. g3 Be7 5. Bg2 O-O 6. O-O dxc4 7. Qc2 a6 8. a4 Bd7 9. Bg5 Bc6 10. Qxc4 Bd5 11. Qc2 Be4 12. Qc1 a5 {E05: Katalanisch} (12... h6 13. Bxf6 Bxf6 14. Nbd2 Bxf3 15. Nxf3 a5 16. Rd1 c6 17. h4 Na6 18. Qf4 Qc7 19. Qg4 Rad8 20. Rac1 Nb4 {0-1 (45) Wei,Y (2729)-So,W (2780) chess.com INT 2018}) 13. Nc3 {LiveBook: 4 Partien. Lxf6 ist eine echte Drohung.} Bxf3 14. Bxf3 c6 {Die Stellung ist ausgeglichen.} 15. Rd1 Na6 16. e4 Nb4 17. Kg2 $146 ({Vorgänger:} 17. Rd2 Nd7 18. Be3 Bg5 19. Qe1 Re8 20. Rad1 Bxe3 21. Qxe3 {1-0 (59) Kokje,J (2282)-Pappelis,D (2114) Groningen 2017}) 17... Re8 18. h4 Rc8 19. e5 Nfd5 20. Ne4 Rc7 21. Qd2 Qa8 22. b3 Rd7 23. Rac1 Red8 24. Nc5 Rc7 25. Re1 Re8 26. Ne4 Rd7 27. Rcd1 Qd8 28. Rh1 Rf8 29. Nc5 Rc7 $1 30. Rde1 Re8 31. Ne4 Rd7 32. Bg4 Nc7 33. Rd1 (33. Bxe7 $11 Qxe7 34. Rd1) 33... f6 $15 34. exf6 gxf6 35. Bh5 $1 {[%cal Rh5e8]} fxg5 36. Bxe8 Nxe8 37. hxg5 Rd5 {[#]} (37... Bf8 $11 {bleibt in der Remisbreite.}) 38. g6 $1 $40 {[%mdl 640] jetzt Dh6 und aus. Weiss riecht Blut.} hxg6 $2 {[%mdl 8192]} (38... Bg5 $16 {ist zäher.} 39. f4 (39. gxh7+ Kh8 $16) 39... Bf6) 39. Qh6 $18 {Weiss will mit Dh8+ Matt setzen.} Kf7 {[#] und nun wäre ...Sg7 stark für Schwarz.} 40. Qh7+ $1 Ng7 41. Rh6 Bf8 42. Qxg6+ Ke7 {und die Idee ...Tf5 ließe Schwarz weiter hoffen.} 43. Rh7 Rf5 44. Rxg7+ Bxg7 45. Qxg7+ Rf7 46. Qg5+ Ke8 (46... Kd7 $142 47. Qc5 Rh7) 47. Qe5 ({Nicht} 47. Qg8+ Ke7 $18) 47... Rf8 (47... Qd5 $18 48. Qxd5 cxd5) 48. Qxe6+ {Precision: Weiß = 56%, Schwarz = 50%.} 1-0

[Event "UKR-ch Semifinal 2018"]
[Site "Omelnyk"]
[Date "2018.11.01"]
[Round "7"]
[White "Frolov, Artur"]
[Black "Bogdanovich, Stanislav"]
[Result "1-0"]
[WhiteElo "2419"]
[BlackElo "2523"]
[Annotator "TA"]
[PlyCount "63"]
[EventDate "2018.11.26"]
[EventType "tourn"]
[EventCountry "UKR"]
[SourceTitle "playchess.com"]
[Source "ChessBase"]
[SourceQuality "1"]

{[%evp 11,63,30,55,0,0,0,0,0,22,-6,0,-31,-7,0,1,-29,-27,-35,-36,-39,0,0,-9,-10,-4,0,0,0,71,0,216,216,191,143,161,157,331,156,152,159,160,160,264,258,462,461,602,480,568,558,655,654,29998,29999]} 1. e4 Nf6 2. e5 Nd5 3. d4 d6 4. Nf3 dxe5 5. Nxe5 c6 6. Nd2 {B04: Alekhine's Defence: 4 Nf3} g6 {LiveBook: 9 Games} 7. Ndc4 $146 (7. Bc4 $14) ({Predecessor:} 7. Ndf3 Bg7 8. Bc4 O-O 9. O-O Nd7 10. Nd3 b5 11. Bb3 a5 12. a3 N7b6 13. Nfe5 Qc7 14. Re1 Bf5 15. c3 Rad8 16. Qe2 a4 17. Ba2 f6 18. Nf3 {0-1 (36) Godena,M (2519)-Bacrot,E (2691) Liverpool 2008}) 7... Bg7 $11 8. Be2 {The position is equal.} O-O 9. O-O Be6 10. Bg4 Bxg4 11. Qxg4 Qc7 12. Re1 b5 13. Nd2 c5 14. Ndf3 cxd4 15. Qxd4 Rd8 {...Nc6 is the strong threat.} 16. Qh4 f6 17. Bh6 {Black must now prevent Bxg7.} Nd7 {[%cal Rd7e5]} 18. Ng4 e5 19. a4 {Hoping for Rad1.} bxa4 (19... Qxc2 $11 20. Red1 (20. Bxg7 Kxg7 21. Rad1 h5 $11) 20... Qb3) 20. Rad1 ({Reject} 20. Bxg7 $6 Kxg7 21. Qh6+ Kh8 $15) (20. c4 $1 $16 {[%cal Rc4d5]} Nf4 21. Bxg7 (21. Rxa4 g5 $17) 21... Kxg7 22. Nfxe5 (22. Rxa4 Qc6 $11)) 20... N7b6 $2 {[#]} (20... Qc6 $1 $11) 21. c4 $1 $18 {[%cal Rc4d5][%mdl 512]} g5 (21... Nxc4 22. Rxd5) 22. Nxg5 fxg5 23. Qxg5 $40 {[%mdl 128] White wants a kill.} Qe7 $2 {[#]} (23... Nxc4 $16 24. Rc1 (24. Rxd5 Rxd5 25. Nf6+ Kh8 $16) 24... Rd7) 24. Qxg7+ (24. cxd5 Qxg5 25. Bxg5 Rxd5 $16) (24. Rxe5 $1 $18 {and the rest is easy.} Qxg5 25. Rxg5) 24... Qxg7 $16 25. Bxg7 Kxg7 26. cxd5 Nc4 (26... Nxd5 $16 27. Rxe5 Nb4 28. Re7+ Kf8) 27. Nxe5 $18 Nxb2 $2 (27... Nxe5 28. Rxe5 Rab8 29. Re7+ Kf6 30. Rxa7 (30. Rxh7 Rxb2 31. Rxa7 Rxd5 $18) 30... Rxb2) 28. Rd4 a3 29. h4 Rac8 30. Rg4+ Kf6 31. Rf4+ Ke7 32. Nc4+ {Precision: White = 65%, Black = 49%.} 1-0

[Event "UKR-ch Semifinal 2018"]
[Site "Omelnyk"]
[Date "2018.11.01"]
[Round "7"]
[White "Frolov, Artur"]
[Black "Bogdanovich, Stanislav"]
[Result "*"]
[WhiteElo "2419"]
[BlackElo "2523"]
[Annotator "TA"]
[PlyCount "26"]
[EventDate "2018.11.26"]
[EventType "tourn"]
[EventCountry "UKR"]
[SourceTitle "playchess.com"]
[Source "ChessBase"]
[SourceQuality "1"]

{[%evp 10,11,61,32]} 1. e4 Nf6 2. e5 Nd5 3. d4 d6 4. Nf3 dxe5 5. Nxe5 c6 6. Nd2 {LiveBook: 50 Games. B04: Alekhine's Defence: 4 Nf3} (6. Nf3 Bg4 7. Be2 Nd7 8. O-O e6 9. Re1 Bd6 10. Nbd2 N7f6 11. Nc4 Bc7 12. Nce5 Bh5 13. c3 O-O {1-0 (37) Vachier Lagrave,M (2779)-Dominguez Perez,L (2739) chess.com INT 2018}) {Predecessor:} 6... Bf5 $146 7. Qf3 Be6 8. c3 Nd7 9. Nd3 g6 10. Ne4 N5f6 11. Nxf6+ Nxf6 12. Nc5 Bd5 13. Qg3 Qb6 {1-0 (51) Pridorozhni,A (2540)-Kryakvin,D (2572) Voronezh 2017} *

[Event "UKR-ch Semifinal 2018"]
[Site "Omelnyk"]
[Date "2018.11.01"]
[Round "7"]
[White "Bakhmatsky, Vladislav"]
[Black "Borsuk, Konstantin"]
[Result "1-0"]
[WhiteElo "2409"]
[BlackElo "2354"]
[Annotator "ChessBase"]
[PlyCount "73"]
[EventDate "2018.11.26"]
[EventType "tourn"]
[EventCountry "UKR"]
[SourceTitle "playchess.com"]
[Source "ChessBase"]
[SourceQuality "1"]
[TimeControl "40/5400+30:1800+30"]

1. e4 {[%emt 0:00:00]} c6 {[%emt 0:00:00]} 2. d4 {[%emt 0:00:00]} d5 {[%emt 0:00:00]} 3. e5 {[%emt 0:00:00]} Bf5 {[%emt 0:00:00]} 4. h4 {[%emt 0:01:44]} h5 {[%emt 0:01:06]} 5. Bd3 {[%emt 0:00:08]} Bxd3 {[%emt 0:01:00]} 6. Qxd3 {[%emt 0:00:02]} e6 {[%emt 0:02:03]} 7. Bg5 {[%emt 0:02:18]} Qa5+ {[%emt 0:03:10]} 8. Nd2 {[%emt 0:01:48]} Qa6 {[%emt 0:03:04]} 9. c4 {[%emt 0:04:38]} Ne7 {[%emt 0:07:30]} 10. b3 {[%emt 0:32:26]} Nd7 {[%emt 0:04:40]} 11. Ngf3 {[%emt 0:11:59]} f6 {[%emt 0:09:29]} 12. Bf4 {[%emt 0:05:30]} Kf7 {[%emt 0:10:33]} 13. O-O {[%emt 0:01:49]} Ng6 {[%emt 0:01:40]} 14. Bg3 {[%emt 0:02:25]} Be7 {[%emt 0:02:42]} 15. exf6 {[%emt 0:02:42]} gxf6 {[%emt 0:01:11]} 16. Rfe1 {[%emt 0:03:24]} Ndf8 {[%emt 0:00:36]} 17. a3 {[%emt 0:05:13]} Rd8 {[%emt 0:01:11]} 18. b4 {[%emt 0:01:01]} b6 {[%emt 0:08:21]} 19. Qb3 {[%emt 0:02:26]} Qb7 {[%emt 0:01:23]} 20. Rac1 {[%emt 0:00:48]} Bd6 {[%emt 0:00:49]} 21. Bxd6 {[%emt 0:03:42]} Rxd6 {[%emt 0:00:11]} 22. c5 {[%emt 0:08:52]} Rd8 {[%emt 0:08:49]} 23. cxb6 {[%emt 0:01:04]} axb6 {[%emt 0:02:54]} 24. Rc3 {[%emt 0:00:52]} Rg8 {[%emt 0:02:20]} 25. b5 {[%emt 0:01:02]} Rc8 {[%emt 0:06:10]} 26. Qc2 {[%emt 0:00:52]} c5 {[%emt 0:01:10]} 27. dxc5 {[%emt 0:00:19]} bxc5 {[%emt 0:00:11]} 28. Rxc5 {[%emt 0:00:13]} Rxc5 {[%emt 0:00:19]} 29. Qxc5 {[%emt 0:00:11]} Nf4 {[%emt 0:00:14]} 30. Rb1 {[%emt 0:01:34]} Rxg2+ {[%emt 0:02:13]} 31. Kh1 {[%emt 0:01:05]} Kg8 {[%emt 0:04:47]} 32. Qd6 {[%emt 0:01:25]} e5 {[%emt 0:05:06]} 33. Qxf6 {[%emt 0:01:39]} Qd7 {[%emt 0:02:07]} 34. Ng5 {[%emt 0:01:10]} N8g6 {[%emt 0:02:19]} 35. Ndf3 {[%emt 0:00:59]} Rxf2 {[%emt 0:02:15]} 36. Nxe5 {[%emt 0:00:41]} d4 {[%emt 0:05:31]} 37. Nxd7 {[%emt 0:00:43]} 1-0

[Event "UKR-ch Semifinal 2018"]
[Site "Omelnyk"]
[Date "2018.11.01"]
[Round "7"]
[White "Molchanov, Oleksii"]
[Black "Sivuk, Vitaly"]
[Result "1-0"]
[WhiteElo "2369"]
[BlackElo "2551"]
[Annotator "TA"]
[PlyCount "89"]
[EventDate "2018.11.26"]
[EventType "tourn"]
[EventCountry "UKR"]
[SourceTitle "playchess.com"]
[Source "ChessBase"]
[SourceQuality "1"]

{[%evp 12,89,22,7,61,22,23,0,0,0,0,0,0,0,14,13,16,-5,-6,-5,-2,-13,0,0,0,0,0,-4,0,0,0,0,10,11,50,48,56,56,61,66,62,64,62,57,59,46,54,54,53,46,47,39,106,106,106,106,144,150,110,93,262,262,419,405,360,280,45,0,12836,12836,12835,12570,12837,12838,12838,12839,12837,12837,29989,29990]} 1. Nf3 g6 2. c4 Bg7 3. d4 Nf6 4. e3 O-O 5. Be2 d6 6. Nc3 Bf5 {E61: King's Indian: Early deviations for White, including Smyslov System} 7. O-O {LiveBook: 19 Games} (7. Qb3 b6 8. d5 a5 9. Nd4 Bd7 10. O-O Na6 11. Qd1 Nc5 12. Bf3 Rc8 13. a3 e5 14. dxe6 Nxe6 {0-1 (56) Topalov,V (2747)-Ding,L (2797) Wenzhou 2018}) 7... Nc6 (7... Re8 $11) 8. b3 e5 {The position is equal.} 9. dxe5 dxe5 10. Ba3 Re8 11. Qxd8 $146 ({Predecessor:} 11. Rc1 a6 12. Nd5 e4 13. Nd4 Nxd5 14. cxd5 Nxd4 15. exd4 Rc8 16. g4 Bd7 17. f4 f5 18. g5 Bb5 19. Bc4 e3 20. Qe2 Kh8 21. Rcd1 Qxd5 {0-1 (21) Jean,O (2210)-Habibi,A (2345) Cannes 1997}) 11... Raxd8 12. Rad1 Bf8 13. Bxf8 Kxf8 14. Rxd8 (14. h3 {is interesting.} e4 15. Nd4 Nxd4 16. Rxd4 Rxd4 17. exd4 h5 18. d5) 14... Rxd8 15. Rd1 Rxd1+ 16. Bxd1 Ke7 17. h3 h6 18. a3 Be6 19. Nd2 Nb8 20. f4 {[%cal Bf2f4,Bf4e5][%mdl 32]} Nbd7 21. Kf2 h5 22. Nf3 Bf5 (22... exf4 {is more complex.} 23. exf4 a5 24. Ke3 c6 25. Nd4 Nc5) 23. Nxe5 Nxe5 24. fxe5 $14 {[%mdl 4096] Endgame KBN-KBN} Nd7 25. Nb5 $1 Kd8 26. Nd4 ({Much worse is} 26. Nxa7 c6 $15) 26... Be6 $1 27. Nxe6+ fxe6 {KB-KN} 28. Kg3 Nxe5 29. Kf4 Nf7 $1 30. Bc2 g5+ 31. Kg3 Ne5 ({Better is} 31... Ke7 $1 $14) 32. h4 $1 $16 gxh4+ 33. Kxh4 Ng4 34. Kxh5 Nxe3 35. Be4 b6 $2 (35... c6 $16) 36. g4 $18 {[%cal Bg2g4,Bg4g5,Bg5g6,Bg6g7][%mdl 32]} Nf1 (36... Ke7 $142 37. g5 Nf5) 37. Kh6 Ng3 38. Bc2 $1 Ke7 $2 (38... e5 $18 39. g5 e4) 39. g5 $14 {And now g6 would win.} Kf8 $2 {[%mdl 8192]} (39... e5 $11) 40. g6 $18 Kg8 41. b4 {[%cal Bb3b4,Bb4b5][%mdl 32]} c5 42. b5 e5 {[#]} 43. g7 $1 {White threatens Bh7+ and mate.} e4 {[#]} 44. Kg6 $1 e3 45. Kh6 {Precision: White = 84%, Black = 35%.} 1-0

[Event "UKR-ch Semifinal 2018"]
[Site "Omelnyk"]
[Date "2018.11.01"]
[Round "7"]
[White "Galperin, Platon"]
[Black "Neverov, Valeriy"]
[Result "1/2-1/2"]
[WhiteElo "2334"]
[BlackElo "2503"]
[Annotator "TA"]
[PlyCount "143"]
[EventDate "2018.11.26"]
[EventType "tourn"]
[EventCountry "UKR"]
[SourceTitle "playchess.com"]
[Source "ChessBase"]
[SourceQuality "1"]

{[%evp 20,143,14,14,67,36,56,39,41,31,43,0,44,48,36,45,87,87,87,87,87,87,87,87,87,87,87,87,87,87,87,90,83,82,100,87,87,77,79,80,79,79,96,33,29,40,86,87,91,86,100,87,95,78,82,67,85,85,85,85,85,85,85,78,85,56,50,50,65,65,107,104,113,104,90,91,102,8,8,8,8,8,8,8,8,8,8,8,8,8,8,8,91,91,91,90,91,91,91,91,91,91,91,8,8,8,91,91,91,8,8,8,66,66,66,73,73,73,88,88,90,90,90,8,88,8]} 1. d4 Nf6 2. c4 e6 3. g3 d5 4. Bg2 Bb4+ 5. Bd2 Be7 6. Nf3 O-O 7. Qc2 c6 8. O-O b6 9. b3 Bb7 10. Nc3 {E11: Bogo-Indian} Na6 11. Rfd1 {LiveBook: 10 Games} (11. Rad1 Qc8 12. Bf4 c5 13. dxc5 Bxc5 14. Ne5 d4 15. Bxb7 Qxb7 16. Nb5 Nb4 {0-1 (43) Wojtaszek,R (2711)-Tkachiev,V (2637) Warsaw 2013}) 11... dxc4 $146 ({Better is} 11... Qc8 $11) ({Predecessor:} 11... Rc8 12. e4 h6 13. e5 Nd7 14. Be3 c5 15. Nb5 cxd4 16. Bxd4 Nb4 {0-1 (61) Lalith,B (2542)-Obregon,C (2514) chess.com INT 2018}) 12. bxc4 $14 {White is slightly better.} c5 13. d5 $1 Nb4 14. Qb1 exd5 15. a3 d4 16. axb4 {And now Bf4 would win.} dxc3 17. Bxc3 Qc8 18. Ng5 g6 19. Bxb7 Qxb7 20. bxc5 h6 21. Nf3 Ne4 22. c6 $1 {[%cal Rc6b7]} Qxc6 23. Ne5 Qb7 24. Rd7 Nxc3 25. Rxb7 Nxb1 26. Rxe7 Nc3 27. e3 Rfe8 28. Raxa7 Rxa7 29. Rxe8+ $16 {[%mdl 4096] Endgame KRN-KRN} Kg7 30. Rd8 Kf6 31. Ng4+ (31. f4 $16) 31... Kg7 $1 $14 32. Rd6 Rc7 33. Ne5 b5 34. cxb5 Nxb5 35. Rb6 Nc3 36. g4 Rc5 37. Nd7 Rc4 38. h3 Ne4 39. Rb2 Rc7 40. Ne5 Rc5 41. f4 Nd6 42. Nf3 Rc3 43. Re2 Ne4 44. Kg2 Rd3 {[#]} 45. Ne5 $1 {[%cal Re5d3]} Rd2 46. Kf3 Rxe2 47. Kxe2 $16 {KN-KN} f5 48. h4 (48. Nd3 $16) 48... Kf6 $11 49. gxf5 Kxf5 50. Nf7 Kg4 $1 51. Nxh6+ Kxh4 52. Nf7 Kg4 53. Kd3 Nf2+ 54. Kd4 Kf5 55. Kd5 Ng4 (55... Nd3 $11) 56. Nd6+ $16 Kf6 57. e4 Ne3+ 58. Kd4 Nc2+ 59. Kd3 Ne1+ {[#]} 60. Ke2 $1 {[%cal Re2e1]} Nc2 61. Nb5 (61. Ne8+ $16 Ke7 62. Nc7) 61... Nb4 $11 62. Nd4 {With the idea Kd2.} Na6 (62... g5 $1 $11 {remains equal.}) 63. Kf3 Nc5 64. e5+ (64. Ke3 $16) 64... Kf7 65. Kg4 {next Kf3 is good for White.} Kg7 (65... Ne4 $11) 66. Nf3 $1 $14 Kf7 67. Ng5+ $1 Ke7 68. Kf3 Nd3 69. Ke4 Nf2+ 70. Kd4 Kd7 71. Nh7 (71. Ke3 $16 Ng4+ 72. Kd4) 71... Ke7 (71... Ke6 $1 $11 {keeps the balance.}) 72. Nf6 {Precision: White = 56%, Black = 57%.} (72. Ke3 $16 Ng4+ 73. Ke4) 1/2-1/2